Evropské společenství a racionalizace práce v zemědělství.
Vývoj Európskych spoločenstiev a hlavné zásady poľnohospodárskej politiky. Chápanie pojmu racionalizácie poľnohospodárstva v rámci Európskeho spoločenstva. Premena poľnohospodárskych usadlostí na podniky. Osvedčené poľnohospodárske tradície a alternatívne poľnohospodárstvo.
Gespeichert in:
| 1. Verfasser: | |
|---|---|
| Format: | Buchkapitel |
| Sprache: | Tschechisch |
| Schlagworte: | |
| Tags: |
Keine Tags, Fügen Sie das erste Tag hinzu!
|
MARC
| LEADER | 00000naa a2200000 4500 | ||
|---|---|---|---|
| 001 | r005454 | ||
| 005 | 20221125081625.4 | ||
| 041 | 0 | |a cze | |
| 044 | |a [CS] | ||
| 245 | 1 | 0 | |a Evropské společenství a racionalizace práce v zemědělství. |c P. Rambaud |
| 520 | |a Vývoj Európskych spoločenstiev a hlavné zásady poľnohospodárskej politiky. Chápanie pojmu racionalizácie poľnohospodárstva v rámci Európskeho spoločenstva. Premena poľnohospodárskych usadlostí na podniky. Osvedčené poľnohospodárske tradície a alternatívne poľnohospodárstvo. | ||
| 610 | 2 | 0 | |a politika poľnohospodárska |
| 610 | 2 | 0 | |a Európske spoločenstvá |
| 610 | 2 | 0 | |a racionalizácia práce |
| 610 | 2 | 0 | |a podnik poľnohospodársky |
| 610 | 2 | 0 | |a poľnohospodárstvo alternatívne |
| 100 | 1 | |a Rambaud, P. | |